<?xml version="1.0" encoding="UTF-8"?>
<record
    xmlns:xsi="http://www.w3.org/2001/XMLSchema-instance"
    xsi:schemaLocation="http://www.loc.gov/MARC21/slim http://www.loc.gov/standards/marcxml/schema/MARC21slim.xsd"
    xmlns="http://www.loc.gov/MARC21/slim">

  <leader>02849nam a22002774a 4500</leader>
  <controlfield tag="003">BOLpUSFA</controlfield>
  <controlfield tag="005">20260407144645.0</controlfield>
  <controlfield tag="008">      t        bo     gr     000 f spa d</controlfield>
  <datafield tag="040" ind1=" " ind2=" ">
    <subfield code="a">BOLpUSFA</subfield>
  </datafield>
  <datafield tag="041" ind1=" " ind2=" ">
    <subfield code="a">spa</subfield>
  </datafield>
  <datafield tag="044" ind1=" " ind2=" ">
    <subfield code="a">BO</subfield>
  </datafield>
  <datafield tag="082" ind1=" " ind2=" ">
    <subfield code="a">ADM0041</subfield>
    <subfield code="b">H874aPG</subfield>
  </datafield>
  <datafield tag="100" ind1=" " ind2=" ">
    <subfield code="a">Huaylluco Carrillo, Juan Pablo</subfield>
  </datafield>
  <datafield tag="245" ind1=" " ind2=" ">
    <subfield code="a">An&#xE1;lisis de factibilidad para la creaci&#xF3;n de una microempresa dedicada a la comercializaci&#xF3;n de semillas agr&#xED;colas como alternativa de desarrollo econ&#xF3;mico local sostenible en el Municipio ecol&#xF3;gico productivo de Achocalla</subfield>
  </datafield>
  <datafield tag="260" ind1=" " ind2=" ">
    <subfield code="a">El Alto: </subfield>
    <subfield code="b">Universidad Privada San Francisco de As&#xED;s. Carrera de Administraci&#xF3;n de Empresas, </subfield>
    <subfield code="c">2025</subfield>
  </datafield>
  <datafield tag="300" ind1=" " ind2=" ">
    <subfield code="a">199 p. </subfield>
  </datafield>
  <datafield tag="502" ind1=" " ind2=" ">
    <subfield code="a">Modalidad: Proyecto de Grado - 
Tutor: Ing. Carlos Villarroel Prieto</subfield>
  </datafield>
  <datafield tag="520" ind1=" " ind2=" ">
    <subfield code="a">El  presente  proyecto  de  grado  tiene  por  objetivo  demostrar  la  factibilidad  de 
creaci&#xF3;n  de  la  microempresa  Semillas  KAWSAY,  dedicada  a  la  comercializaci&#xF3;n 
de semillas agr&#xED;colas nativas, en el Municipio Ecol&#xF3;gico Productivo de Achocalla, 
departamento de La Paz. La propuesta se fundamenta en el aprovechamiento de 
variedades  como  tomate,  lechuga,  arveja,  ma&#xED;z  andino,  quinua  real,  ca&#xF1;ahua, 
tarwi  y  semillas  ornamentales,  enfoc&#xE1;ndose  en  la  valorizaci&#xF3;n  de  la  producci&#xF3;n 
local, la soberan&#xED;a alimentaria y la agroecolog&#xED;a. 
A  trav&#xE9;s  de  un  diagn&#xF3;stico  de  mercado,  se  identific&#xF3;  una  demanda  creciente  de 
insumos  agr&#xED;colas  en  el  municipio,  as&#xED;  como  limitaciones  en  la  oferta  formal  y 
especializada.  Se  elabor&#xF3;  un  plan  administrativo  con  base  en  el  proceso  de 
planeaci&#xF3;n,  organizaci&#xF3;n,  direcci&#xF3;n  y  control,  estableciendo  una  estructura 
funcional eficiente. El plan de marketing contempla las 4P (producto, precio, plaza 
y  promoci&#xF3;n),  priorizando  canales  digitales,  ferias  productivas  y  puntos  de  venta 
estrat&#xE9;gicos en Achocalla, El Alto y La Paz. 
La  inversi&#xF3;n  inicial  requerida  asciende  a  124.587  Bs,  contemplando 
infraestructura, activos fijos, activos intangibles y capital de trabajo. Los resultados 
financieros reflejan alta viabilidad: el punto de equilibrio se alcanza el primer a&#xF1;o, 
el  VAN  es  de  624.728  Bs,  la  TIR  alcanza  el  145%,  la  relaci&#xF3;n  B/C  es  6,01,  y  la 
inversi&#xF3;n se recupera en 6  meses. En conclusi&#xF3;n, Semillas KAWSAY representa 
una  propuesta  rentable,  sostenible  y  de  impacto  positivo  en  el  desarrollo  local, 
promoviendo  pr&#xE1;cticas  agr&#xED;colas  responsables  y  generando  empleo  digno  en  la 
zona rural y periurbana de La Paz. 
</subfield>
  </datafield>
  <datafield tag="650" ind1=" " ind2=" ">
    <subfield code="a">Administraci&#xF3;n de Empresas</subfield>
  </datafield>
  <datafield tag="650" ind1=" " ind2=" ">
    <subfield code="a">Proyecto de Grado</subfield>
  </datafield>
  <datafield tag="650" ind1=" " ind2=" ">
    <subfield code="a">Estudio de factibilidad</subfield>
  </datafield>
  <datafield tag="650" ind1=" " ind2=" ">
    <subfield code="a">Semillas</subfield>
  </datafield>
  <datafield tag="650" ind1=" " ind2=" ">
    <subfield code="a">Alimentos</subfield>
  </datafield>
  <datafield tag="651" ind1=" " ind2=" ">
    <subfield code="a">El Alto</subfield>
  </datafield>
  <datafield tag="942" ind1=" " ind2=" ">
    <subfield code="2">ddc</subfield>
    <subfield code="c">TE</subfield>
    <subfield code="z">LLO</subfield>
  </datafield>
  <datafield tag="999" ind1=" " ind2=" ">
    <subfield code="c">9689</subfield>
    <subfield code="d">9689</subfield>
  </datafield>
  <datafield tag="952" ind1=" " ind2=" ">
    <subfield code="0">0</subfield>
    <subfield code="1">0</subfield>
    <subfield code="2">ddc</subfield>
    <subfield code="4">0</subfield>
    <subfield code="7">0</subfield>
    <subfield code="8">2</subfield>
    <subfield code="a">BEA</subfield>
    <subfield code="b">BEA</subfield>
    <subfield code="c">3</subfield>
    <subfield code="d">2026-03-30</subfield>
    <subfield code="e">4</subfield>
    <subfield code="l">0</subfield>
    <subfield code="o">ADM0041 H874aPG</subfield>
    <subfield code="p">BEA01537</subfield>
    <subfield code="r">2026-03-30</subfield>
    <subfield code="w">2026-03-30</subfield>
    <subfield code="y">TE</subfield>
  </datafield>
</record>
